| 000 | 00664cpcaa2200217 4500 | ||
|---|---|---|---|
| 001 | mm 82044289 | ||
| 003 | DLC | ||
| 005 | 20260227111715.0 | ||
| 008 | 821130|||||||||||| eng | ||
| 010 | _amm 82044289 | ||
| 040 |
_aDLC _cDLC _edacs _dDLC |
||
| 072 | 7 |
_aC _2lcmd |
|
| 245 | 0 | 0 |
_aWadsworth family financial papers, _f1784-1828. |
| 300 |
_a200 _fitems. |
||
| 300 |
_a1 _fcontainer. |
||
| 506 | 0 | _aOpen to research. | |
| 546 | _aCollection material in English. | ||
| 600 | 3 | 0 | _aWadsworth family. |
| 999 |
_c43610 _d43610 |
||